| 000 | 00439nam a22001817a 4500 | ||
|---|---|---|---|
| 999 |
_c162520 _d162520 |
||
| 005 | 20190315123516.0 | ||
| 010 | _aEN-60470 | ||
| 020 |
_a8126019182 _c125.00 |
||
| 035 | _aEN-60470 | ||
| 037 | _bSahitya Akademi | ||
| 082 | _aN | ||
| 100 | _aMaurzo, Damodar | ||
| 245 |
_aKarmelin / _cDamodar Mauzo |
||
| 260 |
_aNew Delhi _bSahitya Akademi _c2004 |
||
| 300 |
_a281p. _c22cm(pbk) |
||
| 700 | _aPai, Vidya | ||
| 942 |
_2ddc _cRF _hN _mMAU |
||